| 000 | 00413 a2200169 4500 | ||
|---|---|---|---|
| 005 | 20250629132628.0 | ||
| 020 | _a978-1-471-83580-3 | ||
| 082 | _a658 MAR | ||
| 100 | _aMARCOUSE,I. | ||
| 245 | _aBusiness For AS | ||
| 250 | _a3rd Ed. | ||
| 260 |
_aLondon, _bHodder Education, _c2015. |
||
| 300 |
_a337p.:ill.;figures, tables _bIndex _c28cm |
||
| 700 | _aHammond,Andy | ||
| 700 | _aWatson,Nigel | ||
| 942 |
_2ddc _cBKS |
||
| 999 |
_c6362 _d6362 |
||